The Roman Lower Danube Frontier

محفوظ في:

المؤلف الرئيسي: Emily Hanscam

التنسيق: كتاب

اللغة: Undetermined

الوصول للمادة أونلاين: Login to view Source

الوسوم: إضافة وسم

لا توجد وسوم, كن أول من يضع وسما على هذه التسجيلة!

رقم الطلب:

LEADER 00430nmm a2200133Ia 4500
008 240716s9999||||xx |||||||||||||||||und||
020 |a 9781803276625 
020 |a 9781803276632 
100 |a Emily Hanscam 
245 1 4 |a The Roman Lower Danube Frontier  |c Emily Hanscam 
264 |b Archaeopress Archaeology  |c 16-نوفمبر-23 
856 4 0 |u http://library.arce.org:8087/Archaeopress/Products/9781803276625 
942 |2 lcc  |c EBOOK 
999 |c 58988  |d 58988